000 00795nam a2200241 4500
003 OSt
005 20260530113847.0
008 260507b1978 |||||||| |||| 00| 0 eng d
020 _a8425207142
040 _aICI
_bspa
_cICI
050 _aGF8
_bB36
100 1 _aBarratt Brown, Michael
_930832
245 1 0 _aRecursos y medio ambiente :
_bUna perspectiva socialista /
_cMichael barratt Brown, Tony emerson, Colin stoneman (eds.) ; version castellana de Caroline phipps
264 1 _aBarcelona :
_bGustavo Gili,
_c1978
300 _a198 páginas
336 _atexto
_2rdacontent
337 _asin medio
_2rdamedia
338 _avolumen
_2rdacarrier
490 _a Colección Tecnología y sociedad
650 _aEcología
_919532
700 _aEmerson, Tony,
_eautor
_930833
942 _2lcc
_cBK
_n1
999 _c11327
_d11327